Capoluoghi del Piemonte da Ovest ad Est - Statistics

Statistiche generali
  • Questo quiz è stato fatto 19 volte
  • Il punteggio medio è 8 su 8
Statistiche sulle risposte
Longitudine Capoluogo % Corretto
8° 12' 25"E Asti
100%
7° 32' 49"E Cuneo
100%
7° 41' 12"E Torino
100%
8° 37' 01"E Alessandria
94%
8° 03' 30"E Biella
94%
8° 37' 07"E Novara
94%
8° 33' 06"E Verbania
88%
8° 25' 35"E Vercelli
88%
Nessun quiz corrispondente trovato
Distribuzione punteggi
Percentuale di utenti per punteggio
Percentile per numero di risposta
I tuoi punteggi nel tempo
Non hai fatto questo quiz